000 00828nam a22002177a 4500
003 0
005 20250407112715.0
008 250404b xxu||||| |||| 00| 0 eng d
020 _a978-621-427-182-5
050 _aHF 5549
_b.Ab23 2024
100 _aAbante, Marmelo V.
245 _aAdvanced human resource management:
_bfor private and government institutions
_cMarmelo V. Abante and one other
260 _aIntramuros, Manila
_bUnlimited Books Library Services & Publishing Inc.
_c2024
300 _axii, 260 pages;
_c25cm.
504 _aIncludes bibliographical references.
650 _a Personnel management -- Human capital.
650 _aEmployee relations -- Organizational behavior.
650 _aStrategic human resource management -- Talent management.
700 _aJulianes, Melchor S.
942 _2lcc
_cBK
999 _c367360
_d367360